000
00327nam a2200133Ia 4500
008
151213s9999 xx 000 0 und d
100
_a
Brian Stone
245
_a
The Poetry of Keats
_c
Brian Stone
260
_a
Middlesex
_b
Penguin book
_c
1992
300
_a
1857 p.
650
_a
English
700
_a
Brian Stone
999
_c
1362
_d
1362